00784nam a22002297a 4500999001900000003000400019020001800023082001800041245007400059260004900133300001400182546001200196650003400208650004400242650004300286700002200329700001700351700002000368700002100388942001200409952013300421 c194240d194240OSt a9789386546265 a631.4bPRI/SO aSoil resources and its mapping through geostatistics using R and QGIS aNew DelhibNew India Publishing Agencyc2018 aix, 360p. aEnglish aFundamentals of geostatistics aSpatial data handling and plotting in R aSoil resources in forests of Rajasthan aPriyabrata Santra aMahesh Kumar aNavraten Panwar aPandey, C B, eds 2ddccBK 00102ddc40708GenaKAUCLVbKAUCLVcGENERALd2020-05-04g3995.00l1o631.4 PRI/SOp230231r2024-12-07 00:00:00s2024-12-07yBK